Hlboké korene pohybu

Cestovný ruch ako významný spoločenský, kultúrny a ekonomický jav. Vývoj medzinárodného turistického ruchu. Medzinárodné príjmy z turistiky. Cestovný ruch ako významný urýchľovač ekonomického vývoja. Zmeny v turistickom dopyte.

Enregistré dans:
Détails bibliographiques
Auteur principal: Sotník, Alexander
Format: Chapitre de livre
Langue:slovaque
Sujets:
Tags: Ajouter un tag
Pas de tags, Soyez le premier à ajouter un tag!

MARC

LEADER 00000naa a2200000 4500
001 r035953
005 20230919123252.1
041 0 |a slo 
044 |a SK 
245 1 0 |a Hlboké korene pohybu  |c Alexander Sotník 
520 |a Cestovný ruch ako významný spoločenský, kultúrny a ekonomický jav. Vývoj medzinárodného turistického ruchu. Medzinárodné príjmy z turistiky. Cestovný ruch ako významný urýchľovač ekonomického vývoja. Zmeny v turistickom dopyte. 
610 2 0 |a ruch cestovný 
610 2 0 |a výnosy 
610 2 0 |a turistika 
610 2 0 |a trh svetový 
610 2 0 |a zákazníci 
610 2 0 |a regióny ekonomické 
100 1 |a Sotník, Alexander